Malá encyklopédia auditu

Salvato in:
Dettagli Bibliografici
Autore principale: Lečková, Anna
Natura: Libro
Lingua:slovacco
Pubblicazione: Bratislava Súvaha 1998
Soggetti:
Tags: Aggiungi Tag
Nessun Tag, puoi essere il primo ad aggiungerne!!

MARC

LEADER 00000nam a2200000 4500
001 c101315
005 20221109093921.7
020 |a 80-88727-19-7 
041 0 |a slo 
044 |a SK 
245 1 0 |a Malá encyklopédia auditu  |c Anna Lečková 
264 1 |a Bratislava  |b Súvaha  |c 1998 
300 |a 84 s. 
610 2 0 |a audit 
610 2 0 |a audítori 
610 2 0 |a audítorstvo 
610 2 0 |a účtovníctvo 
610 2 0 |a závierka účtovná 
610 2 0 |a účty 
610 2 0 |a prípady účtovné 
610 2 0 |a revízia účtovná 
610 2 0 |a kontrola ekonomická 
100 1 |a Lečková, Anna